000
00214 a2200097 4500
001
27968
100
_a
Marion, J B
245
_a
Physics in the modern world
260
_a
_b
Academic Press
_c
090
_c
18676
_d
18676
942
_a
NUST-CAE
_c
M
_c
9642
999
_c
263041
_d
263041